-
Ray port, Jeffrey F and Jaworship
Entry Personal Name
Number of records used in: 1
001 - CONTROL NUMBER
003 - CONTROL NUMBER IDENTIFIER
005 - DATE AND TIME OF LATEST TRANSACTION
- control field:
20160617164644.0
008 - FIXED-LENGTH DATA ELEMENTS
- fixed length control field:
160617|| aca||aabn | a|a d
040 ## - CATALOGING SOURCE
- Original cataloging agency:
OSt
- Transcribing agency:
OSt
100 ## - HEADING--PERSONAL NAME
- Personal name:
Ray port, Jeffrey F and Jaworship
670 ## - SOURCE DATA FOUND
- Source citation:
Work cat.: (OSt): Ray port, Jeffrey F and Jaworship, Introduction to E. Commerce, 2003